Divisions Administratives Insolites - Statistiques

Statistiques générales
  • Ce quiz a été pris 51 fois
  • Le résultat moyen est 3 sur 10
Statistiques - réponses
Hint Réponse % Correct
Au nord, collectivité d'outre-mer française, au sud, État autonome du royaume des Pays-Bas Saint-Martin / Sint Marteen
85%
Territoire canadien à majorité inuits où se situe la station météorologique d'Alert, le lieu habité le plus au nord du monde Nunavut
73%
Paradis fiscaux, dépendances de la Couronne britannique, non-membres du Royaume-uni Île de Man, Jersey, Guernesey
50%
Région autonome de Grèce interdite d'accès aux femmes conformément aux lois de l’abaton qui y sont constitutionnellement appliquées Communauté monastique du mont Athos
40%
Seule entité territoriale finlandaise autonome, majoritairement suédophone Province autonome d'Åland
40%
Excepté Israël, seul territoire officiellement juif au monde Oblast autonome juif
30%
Seule région d'Europe majoritairement bouddhiste République de Kalmoukie
13%
Communes belge et néerlandaise enchevêtrées l'une d'en l'autre, célèbres pour leurs nombreuses enclaves Baerle-Duc (Baarle-Hertog) / Baerle-Nassau
8%
Peuplée d'une vingtaine d'habitants seulement, c'est la division administrative de premier niveau la moins peuplée au monde, situé au Palaos Hatohobei
3%
Plus petit territoire australien, peuplé en 2016 de 391 habitants et administré par le gouvernement fédéral Territoire de la baie de Jervis
3%
Aucun quiz correspondant
Distribution des résultats
% des personnes avec chaque résultat
Percentile par nombre de réponses
Votre historique - résultats
Vous n’avez pas pris ce quiz